000 00301nam a22001337a 4500
008 170206b xxu||||| |||| 00| 0 eng d
020 _a9781599417554
041 _aeng
080 _27ED
_a61
100 _a3
101 _aSHM
245 _aSECURITIES REGULATION
_cLARRY.D.SODERQUIIST
942 _2udc
_cBK
999 _c4714
_d4714